01609nam a2200313   4500003000900000005001700009008004100026040004600067041000800113082002900121092000700150099003700157100004800194245014500242264007000387300002800457336002200485337002400507338003300531546004100564650004100605856005700646905001300703942001900716999001700735952018100752952018100933952018101114EG-GICUC20260121101231.0251117s2004    ua ||||fr|||| 00| 0 ara d  a EG-GICUCbarac EG-GICUCd EG-GICUCerda0 aara04221a341.851bو ا  . م04221  aLaw1 12	341.851 و ا  . م 20040 aوائل أنور بندقeمؤلف.10aموسوعة التحكيم :bالاتفاقات الدولية وقوانين الدول العربية /cوائل أنور بندق. 1aالاسكندرية :bدار الفكر الجامعي،c2004.  a474 ؛صفحةc24 سم  2rda contentatext  2rda mediaaComputer  2rda carrieraOnline Resource  aالنص باللغة العربية1 aالتحكيم - قانون دولي40uhttps://fll.law.cu.edu.eg/fulltext/bks/B12-01411.pdf  a75eYara  2ddcn0cBKe21  c43728d43728  00102ddc40718القانون الدولي الخاصaCUbLAW1d2025-11-17l0oLaw1 12	341.851 و ا  . م 2004 1201411	C1pB12-01411r2025-11-17 09:26:29t1w2025-11-17yBK  00102ddc40708القانون الدولي الخاصaCUbLAW1d2025-11-17l0oLaw1 12	341.851 و ا  . م 2004 1201412	C2pB12-01412r2025-11-17 09:27:08t2w2025-11-17yBK  00102ddc40718القانون الدولي الخاصaCUbLAW2d2025-11-17l0oLaw2 12	341.851 و ا  . م 2004 1201413	C3pB12-01413r2025-11-17 09:27:38t3w2025-11-17yBK